00000000nam##2200000za#4500
0019.646241
003CaOODSP
00520200330132328
007ta
008150407|1996||||xxc|||||     f|0| 0 eng|d
020 |a0-662-24679-9
040 |aCaOODSP|beng
043 |an-cn---
0861 |aF2-109/1996E
1101 |aCanada. |bDepartment of Finance.
24510|aTowards replacing the Goods and Services Tax
260 |aOttawa - Ontario : |bFinance Canada |c1996.
300 |a95p. ; |c25 cm.
563 |aSoftcover
590 |a96-22|b1996-05-31
77508|tVers le remplacement de la taxe sur les produits et services |w(CaOODSP)9.679809
7760#|tTowards replacing the Goods and Services Tax |w(CaOODSP)9.696407